Städteraten - Vereinigtes Königreich - Statistiken

Allgemein
  • Dieses Quiz wurde 88 mal gespielt
  • Das Durchschnittsergebnis liegt bei 10 aus 15
Antwortstatistiken
Hint Antwort % Korrekt
Ebenfalls schottische Metropole Glasgow / Schottland
100%
Fußballstadt in Mittelengland mit M Manchester / England
100%
Genauso Fußballstadt in England mit L Liverpool / England
99%
Kulturelles Zentrum Schottlands Edinburgh / Schottland
97%
Hauptstadt einer ehemaligen Weltmacht London / England
97%
Bekannte Universitätsstadt von Ruf Oxford / England
96%
Hauptstadt von Wales Cardiff / Wales
92%
Zweitgrößte Stadt des Königreichs Birmingham / England
90%
Es gibt eine neue Version von ihr in den USA York / England
69%
Weitere weltbekannte Universitätsstadt Cambridge / England
67%
Berühmt für das gleichnamige Schloss Windsor / England
40%
Bischofssitz in Südengland Canterbury / England
39%
Bekannt für die römischen Bäder Bath / England
32%
Fachwerkstadt südlich von Liverpool Chester / England
11%
Hier steht die gleichnamige Burg in Nordwales Conwy / Wales
1%
Keine übereinstimmenden Quizze gefunden
Verteilung der Resultate
Anzahl Personen mit jedem Resultat
Perzentil nach korrekt beantworteten Fragen
Ihre Resultats-Entwicklung
Sie haben dieses Quiz noch nicht gespielt